Obálka Náhled e-knihy:
PDF Epub
Pro půjčování e-knih musíte být přihlášeni.
Jak si půjčit online?

Půlměsíční město. Rod země a krve /

Úvodní díl epické fantasy ságy oblíbené autorky. Hlavní hrdinka Bryce s pomocí mocného padlého anděla mstí smrt jejích přátel a bojuje proti zlu.

Uloženo v:
Série:Půlměsíční město, část 1
Hlavní autor: Maas, Sarah J., 1986- (Autor)
Další autoři: Svobodová, Ivana, 1983- (Autor)
Médium: E-kniha
Jazyk:Czech
Vydáno: V Praze : CooBoo, 2020
Vydání:1. vydání
Témata:
Příbuzné jednotky:Přeloženo z: Crescent city
Z cyklu:: Půlměsíční město
Tagy:
Žádné tagy
LEADER 02588nam a2200481 i 4500
001 311239
003 CZ PrSKC
005 20260601215702.0
007 ta
008 201009s2020 xr e 000 f cze
015 |a cnb003257507 
020 |a 9788076610804  |q (vázáno) 
035 |a (OCoLC)1226361933 
040 |a ABG001  |b cze  |d ABA001  |e rda 
041 1 |a cze  |h eng 
072 7 |a 821.111(73)-3  |x Americká próza  |2 Konspekt 
080 |a 821.111(73)-31  |2 MRF 
080 |a (0:82-312.9)  |2 MRF 
100 1 |a Maas, Sarah J.,  |d 1986-  |7 xx0197098  |4 aut 
240 1 0 |a House of earth and blood.  |l Česky 
245 1 0 |a Půlměsíční město.  |p Rod země a krve /  |c Sarah J. Maasová ; přeložila Ivana Svobodová 
246 3 0 |a Rod země a krve 
250 |a 1. vydání 
264 1 |a V Praze :  |b CooBoo,  |c 2020 
300 |a 790 stran ;  |c 21 cm 
336 |a text  |b txt  |2 rdacontent 
337 |a bez média  |b n  |2 rdamedia 
338 |a svazek  |b nc  |2 rdacarrier 
500 |a Přeloženo z angličtiny 
520 2 |a Úvodní díl epické fantasy ságy oblíbené autorky. Hlavní hrdinka Bryce s pomocí mocného padlého anděla mstí smrt jejích přátel a bojuje proti zlu.  |b Bryce měla perfektní život, skvělou práci a na programu jeden legendární večírek za druhým, jenže pak démon zavraždil její přátele a ona zůstala sama a zlomená. Když údajný zabiják skončí za mřížemi, ale zločiny pokračují, Bryce se pustí do vyšetřování. A hodlá se pomstít. Spolu s Huntem, padlým andělem obdařeným brutální silou, sestoupí do podsvětí města, které rozežírá temnota. Dokážou se zlu postavit dřív, než pohltí vše, na čem jim kdy záleželo? Nakladatelská anotace. 
655 7 |a americké romány  |7 fd131796  |2 czenas 
655 7 |a fantasy romány  |7 fd184199  |2 czenas 
655 9 |a American fiction  |2 eczenas 
655 9 |a fantasy novels  |2 eczenas 
700 1 |a Svobodová, Ivana,  |d 1983-  |7 jo2004232711  |4 trl 
765 0 |t Crescent city 
787 0 8 |i Z cyklu:  |t Půlměsíční město  |g 1 
900 |a ABA001  |b 21 
928 9 |a Albatros Media - CooBoo 
044 |a xr 
910 |a RBIT002 
998 |d 209184  |a https://core.palmknihy.cz/api/books/209184/cover?sjqv4x  |b https://core.palmknihy.cz/api/books/209184/cover/400?sjqv4x  |c https://core.palmknihy.cz/api/books/209184/cover/50?sjqv4x  |e 2030-01-10  |g 792  |i 9788076610804  |j https://core.palmknihy.cz/api/books/209184/preview.epub  |k https://core.palmknihy.cz/api/books/209184/preview.pdf  |l   |q 49  |r 1  |s https://www.palmknihy.cz/kniha/209184  |t ebook  |y 2020  |z 0  |v Půlměsíční město  |w 1 
999 |d 311237